Automorphic forms and representations

Na minha lista:
Detalhes bibliográficos
Autor principal: Bump, Daniel (Author)
Formato: Livro
Idioma:inglês
Publicado em: Cambridge University of Cambridge 1997
Colecção:Cambridge Studies in Advanced Mathematics, 55
Assuntos:
Tags: Adicionar Tag
Sem tags, seja o primeiro a adicionar uma tag!

MARC

LEADER 00000nam a2200000 a 4500
001 UCS6141
003 CL-VaPUC
008 970912e19970000uk |||||||||||||||||eng|d
082 0 4 |a 515.9  |b BUM  |2 21 
100 0 |a Bump, Daniel  |e author  |9 391639 
245 1 0 |a Automorphic forms and representations 
300 |a 574 p 
942 |c BK 
945 |d 19970912 00:00:00  |a jquezada 
260 |a Cambridge  |b University of Cambridge  |c 1997 
650 0 |a Funciones   |9 263869 
650 0 |a Proyecciones  |9 374413 
650 0 |a Variables  |9 338106 
650 0 |a Teoría de grupos   |9 270028 
583 |a last modification  |c 20171220 06:01:55  |k Rodrigo Vera 
490 0 |a Cambridge Studies in Advanced Mathematics, 55 
999 |c 262108  |d 262106 
952 |0 0  |1 0  |4 0  |6 515_900000000000000_BUM_1997  |7 0  |8 A  |9 290288  |a BIBMAT  |b BIBMAT  |d 2019-11-19  |i 3349179  |l 2  |o 515.9 BUM 1997  |p 3349179  |r 2025-01-07  |s 2021-06-22  |w 2019-11-19  |y BK  |k MAT